[Event "Wch Seniors 50 29th"]
[Site "Bucharest"]
[Date "2019.11.18"]
[Round "6"]
[White "Zworestine, Charles"]
[Black "Kirppo, Ronny"]
[Result "1/2-1/2"]
[WhiteElo "2147"]
[BlackElo "1901"]
[PlyCount "81"]
[EventDate "2019.11.12"]
[EventType "swiss"]
[EventRounds "11"]
[EventCountry "ROU"]
[SourceTitle "CBM 193 Extra"]
[Source "ChessBase"]
[SourceDate "2020.01.31"]
[SourceVersion "1"]
[SourceVersionDate "2020.01.31"]
[SourceQuality "1"]

1. e4 c5 2. Nf3 Nc6 3. Bb5 g6 4. 0-0 Bg7 5. Nc3 Nd4 6. Bc4 e6 7. d3 a6 8. a4 Ne7 9. Re1 d6 10. Bd2 Nec6 11. Nxd4 cxd4 12. Ne2 0-0 13. c3 d5 14. exd5 exd5 15. Bb3 dxc3 16. Bxc3 d4 17. Bd2 Bf5 18. Bf4 Qd7 19. Ng3 Rfe8 20. Qd2 Ne5 21. Bxe5 Bxe5 22. f4 Bg7 23. Nxf5 Qxf5 24. Rac1 Rac8 25. Rxc8 Qxc8 26. Kf1 Bf6 27. Bd5 Rxe1+ 28. Qxe1 Qd7 29. Bb3 Kg7 30. Qe4 Qc7 31. Kf2 Qc1 32. Kg3 b5 33. axb5 axb5 34. Qe8 Qe3+ 35. Qxe3 dxe3 36. Kf3 Bd4 37. Bd5 Bxb2 38. Kxe3 f5 39. Kd2 Bd4 40. Be6 b4 41. Bd5 1/2-1/2

[Event "Wch Seniors 50 29th"]
[Site "Bucharest"]
[Date "2019.11.13"]
[Round "2"]
[White "Zworestine, Charles"]
[Black "Managadze, Nikoloz"]
[Result "0-1"]
[WhiteElo "2147"]
[BlackElo "2450"]
[PlyCount "66"]
[EventDate "2019.11.12"]
[EventType "swiss"]
[EventRounds "11"]
[EventCountry "ROU"]
[SourceTitle "CBM 193 Extra"]
[Source "ChessBase"]
[SourceDate "2020.01.31"]
[SourceVersion "1"]
[SourceVersionDate "2020.01.31"]
[SourceQuality "1"]

1. e4 c5 2. Nf3 d6 3. Bb5+ Nd7 4. 0-0 a6 5. Bxd7+ Bxd7 6. d3 g6 7. c3 Bg7 8. Be3 Nf6 9. h3 0-0 10. Nbd2 Bc6 11. Qc2 Rc8 12. Rfe1 b5 13. Rac1 Qc7 14. d4 cxd4 15. cxd4 Qb7 16. Qd3 Nxe4 17. Qf1 Nxd2 18. Nxd2 Bd5 19. b3 Rxc1 20. Rxc1 Rc8 21. f3 f5 22. Nb1 e5 23. dxe5 Rxc1 24. Qxc1 dxe5 25. Qc5 Bf8 26. Qc3 f4 27. Bf2 e4 28. fxe4 Bxe4 29. Qe1 Qc6 30. Bd4 Qd5 31. Bb2 f3 32. Qc3 Qc5+ 33. Qd4 Bxb1 0-1